000 01250cam a2200301 a 4500
001 3435
003 BD-RjUL
005 20211208233730.0
008 131219s1981 ru a b 001 0 eng d
035 _a(BD-RjUL)3469
040 _aDLC
_cDLC
_dDLC
_d(BD-RjUL)
_beng
041 1 _aengrus
082 0 0 _a333.3147
_219
_bTRL
100 1 _aTrapeznikov, S. P.
_q(Sergeĭ Pavlovich)
_910794
245 1 0 _aLenin's agrarian programmes for the three Russian revolutions /
_cS.P. Trapeznikov.
260 _aMoscow :
_bProgress Publishers,
_cc1981.
300 _a517 p. :
_bill. ;
_c22 cm.
490 1 _aLeninism and the agrarian and peasant question / S.P. Trapeznikov ;
_vv. 1
500 _aTranslation of: Leninskie agrarnye programmy v trekh russkikh revoli︠u︡t︠s︡ii︠a︡kh.
504 _aIncludes bibliographical references and index.
600 1 0 _aLenin, Vladimir Ilʹich,
_d1870-1924.
_910801
610 2 0 _aRossiĭskai︠a︡ sot︠s︡ial-demokraticheskai︠a︡ rabochai︠a︡ partii︠a︡.
_910802
650 0 _aLand tenure
_zSoviet Union
_xHistory.
_910797
942 _2ddc
_cBK
999 _c3435
_d3435